[Event "FSV-ch 2011"]
[Site "Dortmund"]
[Date "2011.03.24"]
[Round "3.8"]
[White "Knackstedt, Ulf"]
[Black "Rzoczek, Christoph"]
[Result "0-1"]
[WhiteElo "1718"]
[BlackElo "1505"]
[PlyCount "122"]
[EventDate "2011.??.??"]

1. Nf3 d6 2. g3 Nf6 3. Bg2 g6 4. O-O Bg7 5. d4 c6 6. Nc3 O-O 7. Bg5 Bg4 8. e4
Bxf3 9. Qxf3 Nbd7 10. Bh3 Qa5 11. Qe3 Rae8 12. b4 Qc7 13. f4 e5 14. fxe5 dxe5
15. dxe5 Qxe5 16. Bf4 Qh5 17. Bxd7 Nxd7 18. Bd6 Ne5 19. Bxf8 Ng4 20. Qe2 Bxc3
21. Bc5 Rxe4 22. Qg2 b6 23. h3 bxc5 24. Qxe4 Bd4+ 25. Kg2 Ne3+ 26. Kh2 Qe2+ 27.
Kh1 Nxf1 28. Qxe2 Nxg3+ 29. Kg2 Nxe2 30. Re1 Nc3 31. Re8+ Kg7 32. bxc5 Nxa2 33.
Rc8 Nb4 34. Rc7 a6 35. Kf3 Kf6 36. Ke4 Bc3 37. Ra7 Ke6 38. Rb7 h6 39. Rb8 f5+
40. Kf3 Kd5 41. Rg8 g5 42. Rg6 a5 43. Rg8 Nxc2 44. Ke2 Nd4+ 45. Kd3 Nb5 46. Rf8
f4 47. h4 Kxc5 48. Rf5+ Kb4 49. hxg5 hxg5 50. Rxg5 a4 51. Kc2 f3 52. Kb1 f2 53.
Rf5 Bd4 54. Kc2 a3 55. Kb1 c5 56. Rf3 Nc3+ 57. Ka1 Ne4+ 58. Ka2 c4 59. Rf8 Nd2
60. Rb8+ Kc3 61. Rf8 f1=Q 0-1

[Event "FSV-ch 2011"]
[Site "Dortmund"]
[Date "2011.03.24"]
[Round "3.9"]
[White "Schulenburg, Pit"]
[Black "Völler, Lothar"]
[Result "1-0"]
[WhiteElo "2165"]
[BlackElo "1469"]
[PlyCount "131"]
[EventDate "2011.??.??"]

1. d4 d5 2. c4 e6 3. Nc3 Nf6 4. Bg5 Be7 5. Nf3 Nbd7 6. e3 O-O 7. Rc1 c5 8. cxd5
Nxd5 9. Bxe7 Nxe7 10. Be2 cxd4 11. Qxd4 Nf6 12. Qxd8 Rxd8 13. O-O Bd7 14. Ne5
Bc6 15. Rfd1 Nfd5 16. Nxc6 bxc6 17. Na4 Rab8 18. Rc5 Nb6 19. Rxd8+ Rxd8 20. Ra5
Nxa4 21. Rxa4 Rd7 22. Kf1 f6 23. Bc4 Kf7 24. Ke2 Nd5 25. Ra6 Rc7 26. g3 Ke7 27.
a3 h6 28. b4 Nb6 29. Bb3 e5 30. h4 Kd6 31. Ra5 Nd5 32. Rc5 Nb6 33. Bc2 Nd7 34.
Rc3 Nb6 35. h5 Nd5 36. Rc5 Nb6 37. Kf3 Nd7 38. Rc3 Nb6 39. Ke4 Nd5 40. Rc5 Rf7
41. g4 Ne7 42. Ba4 f5+ 43. gxf5 Rxf5 44. Rxc6+ Nxc6 45. Kxf5 Ne7+ 46. Ke4 g6
47. hxg6 Nxg6 48. Kf5 Ne7+ 49. Kf6 Nd5+ 50. Kg6 e4 51. Kxh6 Ke5 52. Kg5 Nb6 53.
Bb3 Nd7 54. a4 Nf6 55. a5 Nd7 56. Ba4 Nf6 57. Bc6 Nh7+ 58. Kg6 Nf8+ 59. Kf7 Ne6
60. Ke7 Ng5 61. b5 Ne6 62. b6 axb6 63. axb6 Nc5 64. b7 Na6 65. Bb5 Nb8 66. Bc4
1-0

[Event "FSV-ch 2011"]
[Site "Dortmund"]
[Date "2011.03.24"]
[Round "3.10"]
[White "Begna, Bozidar"]
[Black "Tautz, Eugen"]
[Result "1-0"]
[WhiteElo "1976"]
[BlackElo "1442"]
[PlyCount "75"]
[EventDate "2011.??.??"]

1. e4 e6 2. d4 d5 3. Nd2 Nc6 4. Ngf3 Nge7 5. c3 Ng6 6. Bd3 Nf4 7. Bf1 Ng6 8. h4
h5 9. Nb3 dxe4 10. Ng5 Be7 11. Nxe4 Bd7 12. g3 Bc8 13. Bg2 Qd7 14. Nbc5 Qd8 15.
Bf3 Bxc5 16. Nxc5 Qd6 17. Ne4 Qd7 18. Bxh5 b6 19. Bf3 Bb7 20. Bg5 Nge7 21. Bf6
O-O-O 22. Bxg7 Nd5 23. Bxh8 Rxh8 24. Qe2 Na5 25. O-O-O Qa4 26. Kb1 Bc6 27. Qc2
Qb5 28. Nd2 Nf6 29. Bxc6 Qxc6 30. Qd3 Kd7 31. Qf3 Qxf3 32. Nxf3 Ne4 33. Ne5+
Ke7 34. Rh2 Rd8 35. Kc2 Kf6 36. Re1 Nd6 37. b3 a6 38. g4 1-0

[Event "FSV-ch 2011"]
[Site "Dortmund"]
[Date "2011.03.24"]
[Round "3.11"]
[White "Lauche, Christoph"]
[Black "Vogt, Christian"]
[Result "1/2-1/2"]
[WhiteElo "1877"]
[BlackElo "1415"]
[PlyCount "50"]
[EventDate "2011.??.??"]

1. b3 d5 2. Bb2 Nf6 3. f4 g6 4. e3 Bg7 5. Nf3 Nbd7 6. g3 b6 7. Bg2 Bb7 8. O-O
O-O 9. d3 c5 10. Nbd2 Qc7 11. Ne5 Nxe5 12. Bxe5 Qd7 13. h3 Nh5 14. Bxg7 Kxg7
15. g4 Nf6 16. g5 Nh5 17. f5 Ng3 18. Qg4 Qc7 19. f6+ exf6 20. gxf6+ Kg8 21. Qg5
Kh8 22. Qh6 Rg8 23. Rf3 g5 24. Rxg3 Qxg3 25. Kh1 Qh4 {(=)} 1/2-1/2

[Event "FSV-ch 2011"]
[Site "Dortmund"]
[Date "2011.04.04"]
[Round "3.12"]
[White "Schulz-Runge, Mi"]
[Black "Skalweit, Wolfgang"]
[Result "1-0"]
[WhiteElo "1736"]
[BlackElo "1401"]
[PlyCount "53"]
[EventDate "2011.??.??"]

1. e4 e5 2. Bc4 d6 3. Nf3 h6 4. d4 exd4 5. c3 dxc3 6. Nxc3 Bg4 7. Bxf7+ $1 (7.
Ne5 $6 dxe5 (7... Bxd1 $4 8. Bxf7+ Ke7 9. Nd5#) 8. Qxg4) 7... Kxf7 8. Ne5+ Ke8
9. Nxg4 Nc6 10. Nd5 Be7 11. f4 Nf6 12. Ngxf6+ Bxf6 13. Qh5+ Kf8 14. O-O Kg8 15.
Qg6 Ne7 16. Nxf6+ Kf8 17. Nh7+ Kg8 18. Qe6+ Kxh7 19. f5 Re8 20. Bxh6 gxh6 21.
Qf7+ Kh8 22. f6 Rg8 23. fxe7 Qd7 24. Qf6+ ({Oder} 24. Rf6 Qh3 25. Rg6 Rxg6 26.
e8=Q+ Rxe8 27. Qxe8+ Rg8 28. Qxg8+ Kxg8 29. gxh3) 24... Kh7 25. Qh4 Qe6 26. Rf6
Qg4 27. Qxh6# 1-0

[Event "FSV-ch 2011"]
[Site "Dortmund"]
[Date "2011.03.24"]
[Round "3.13"]
[White "Hübel, Carsten"]
[Black "Hering, Franz"]
[Result "0-1"]
[WhiteElo "1397"]
[BlackElo "1634"]
[PlyCount "98"]
[EventDate "2011.??.??"]

1. c4 c6 2. g3 d5 3. c5 e5 4. d4 exd4 5. Qxd4 Qf6 6. e3 Bf5 7. Bg2 Nd7 8. b4 a5
9. Bd2 Qxd4 10. exd4 axb4 11. Bxb4 Bxb1 12. Rxb1 Rxa2 13. Bc3 Ra7 14. Nf3 Ngf6
15. O-O Kd8 16. Rb2 Ne4 17. Bd2 Be7 18. Rfb1 Kc8 19. Bh3 Nxd2 20. Nxd2 Rd8 21.
Nf3 f6 22. Re2 Bf8 23. Rbe1 Kc7 24. Nh4 b6 25. Bxd7 Rxd7 26. cxb6+ Kxb6 27.
Rb1+ Kc7 28. Re6 Re7 29. Rxe7+ Bxe7 30. Nf5 Bf8 31. Re1 Kd7 32. Rb1 g6 33. Ne3
f5 34. f4 Bg7 35. Nc2 Kd6 36. Rc1 Ra4 37. Rd1 Rc4 38. Rd2 Ra4 39. Kf2 c5 40.
Ke3 cxd4+ 41. Nxd4 Bxd4+ 42. Rxd4 Rxd4 43. Kxd4 Kc6 44. h3 Kd6 45. g4 h6 46.
gxf5 gxf5 47. h4 h5 48. Ke3 Kc5 49. Kd3 d4 0-1

[Event "FSV-ch 2011"]
[Site "Dortmund"]
[Date "2011.03.24"]
[Round "3.14"]
[White "Weischer, Wolfgang"]
[Black "Herrmann, Rudolf"]
[Result "1-0"]
[WhiteElo "1609"]
[BlackElo "1336"]
[PlyCount "117"]
[EventDate "2011.??.??"]

1. e4 d5 2. exd5 Qxd5 3. Nc3 Qa5 4. b4 Qe5+ 5. Qe2 Qxe2+ 6. Bxe2 c6 7. Nf3 Nf6
8. O-O Bf5 9. Nd4 Bg4 10. Re1 e6 11. a3 Be7 12. Bb2 O-O 13. Bxg4 Nxg4 14. h3
Nf6 15. Nf5 Re8 16. Nxe7+ Rxe7 17. Ne4 Nxe4 18. Rxe4 Nd7 19. Rg4 g6 20. Re1 Nb6
21. c4 Rd7 22. Rd1 Rd3 23. Bc1 Rad8 24. c5 Nd5 25. Re1 Rd7 26. Rc4 h5 27. Kf1
Ne7 28. Re3 Nf5 29. Rxd3 Rxd3 30. Ke2 Rd5 31. Bb2 Kf8 32. Bf6 Ke8 33. g4 Ne7
34. Bxe7 Kxe7 35. Ke3 hxg4 36. hxg4 g5 37. a4 Re5+ {(=)} 38. Re4 Rd5 39. d4 Kf6
40. f4 gxf4+ 41. Rxf4+ Ke7 42. Ke4 Rg5 43. Kf3 Rd5 44. Re4 f5 45. gxf5 Rxf5+
46. Rf4 Kf6 47. Kg4 Kg6 48. Rxf5 exf5+ 49. Kf4 Kf6 50. d5 cxd5 51. b5 Ke6 52.
a5 a6 53. c6 Kd6 54. cxb7 Kc7 55. bxa6 Kb8 56. Kxf5 d4 57. Ke4 d3 58. Kxd3 Ka7
59. Kc4 1-0

[Event "FSV-ch 2011"]
[Site "Dortmund"]
[Date "2011.03.24"]
[Round "3.15"]
[White "Milonas, Georgios"]
[Black "Busch, J. Malo"]
[Result "1-0"]
[WhiteElo "1596"]
[BlackElo "1220"]
[PlyCount "69"]
[EventDate "2011.??.??"]

1. e4 e6 2. d4 d5 3. Nd2 Nc6 4. c3 a6 5. Ngf3 Be7 6. Bd3 Nf6 7. e5 Nd7 8. O-O
O-O 9. Qc2 f5 10. exf6 Nxf6 11. Re1 b5 12. a3 Qd6 13. Ne5 Rb8 14. Ndf3 h6 15.
Ng6 Re8 16. Nfe5 Nd7 17. Nxe7+ Nxe7 18. Bh7+ Kf8 19. Bf4 Nxe5 20. Bxe5 Qd7 21.
Qd1 Nf5 22. Qf3 Qf7 23. g4 Nd6 24. Qh3 Rb7 25. Re3 Ke7 26. Rf3 Nf5 27. gxf5
exf5 28. Rg3 f4 29. Qxc8 Rxc8 30. Rxg7 Qxg7+ 31. Bxg7 h5 32. f3 Re8 33. Re1+
Kd8 34. Bf6+ Kd7 35. Bf5+ 1-0

[Event "FSV-ch 2011"]
[Site "Dortmund"]
[Date "2011.03.24"]
[Round "3.16"]
[White "Kirmes, H.-Uwe"]
[Black "Raabe, Hans-Ulrich"]
[Result "1/2-1/2"]
[WhiteElo "1380"]
[BlackElo "1471"]
[PlyCount "65"]
[EventDate "2011.??.??"]

1. f4 Nf6 2. Nf3 d5 3. e3 Bg4 4. Be2 e6 5. O-O Nc6 6. b3 Be7 7. Bb2 O-O 8. Ne5
Bxe2 9. Qxe2 Nxe5 10. Bxe5 Qd7 11. g4 Ne8 12. d3 c5 13. Bb2 h6 14. Nd2 f5 15.
gxf5 Rxf5 16. Nf3 Bf6 17. Ne5 Bxe5 18. Bxe5 Qf7 19. Rf2 b5 20. Rg2 Qh5 21. Qxh5
Rxh5 22. Re1 Kf7 23. d4 cxd4 24. Bxd4 a6 25. a3 Nf6 26. Ree2 Rg8 27. a4 Rh4 28.
axb5 axb5 29. c3 Rg4 30. Ra2 Rxg2+ 31. Kxg2 Rb8 32. b4 Rb7 33. Ra7 1/2-1/2

[Event "FSV-ch 2011"]
[Site "Dortmund"]
[Date "2011.03.24"]
[Round "3.17"]
[White "Tekin, Baran"]
[Black "Gennat, Egon L"]
[Result "1-0"]
[WhiteElo "1463"]
[BlackElo "1289"]
[PlyCount "65"]
[EventDate "2011.??.??"]

1. d4 Nf6 2. Nf3 e6 3. c4 b6 4. Nc3 Bb4 5. Bd2 Bb7 6. e3 O-O 7. a3 Bxc3 8. Bxc3
d5 9. Rc1 Nbd7 10. Bd3 c5 11. O-O Rc8 12. dxc5 Nxc5 13. Be2 Ba6 14. Bb4 Re8 15.
cxd5 Bxe2 16. Qxe2 Nxd5 17. Bxc5 bxc5 18. Rfd1 Qb6 19. Ne5 Re7 20. Rc2 f6 21.
Nc4 Qa6 22. Qg4 f5 23. Qh4 Rf7 24. Ne5 Rf6 25. Rdc1 Qd6 26. Nf3 e5 27. Qc4 Kh8
28. Rd2 e4 29. Rxd5 Qb8 30. Nh4 Rh6 31. g3 g5 32. Qc3+ Kg8 33. Nxf5 1-0

[Event "FSV-ch 2011"]
[Site "Dortmund"]
[Date "2011.03.24"]
[Round "3.18"]
[White "vd Mescht, Adrian"]
[Black "Reinacher, Detlev"]
[Result "0-1"]
[WhiteElo "756"]
[BlackElo "1588"]
[PlyCount "116"]
[EventDate "2011.??.??"]

1. d4 Nf6 2. Nc3 g6 3. e4 d6 4. Bg5 Nbd7 5. Nf3 Bg7 6. Bc4 c6 7. e5 dxe5 8.
dxe5 Ng4 9. O-O Ngxe5 10. Nxe5 Nxe5 11. Qxd8+ Kxd8 12. Rad1+ Ke8 13. Be2 Bf5
14. Rd2 h6 15. Bf4 g5 16. Bxe5 Bxe5 17. Na4 Bf4 18. Rd4 Bxc2 19. Nc5 b6 20. Nb7
Rb8 21. Bf3 c5 22. Bc6+ Kf8 23. Rd5 Kg7 24. g3 e6 25. Rd7 Be5 26. Re1 Kf6 27.
Rc1 Bg6 28. Re1 Bxb2 29. Be4 Rhf8 30. Bxg6 Kxg6 31. Red1 c4 32. Nd6 c3 33. Rc7
b5 34. Rxa7 c2 35. Re1 c1=Q 36. Rxc1 Bxc1 37. Ra5 b4 38. h4 Bd2 39. Rc5 Bc3 40.
Ne4 Rfc8 41. Ra5 Ra8 42. Rb5 gxh4 43. gxh4 Rxa2 44. h5+ Kh7 45. Nd6 Ra1+ 46.
Kg2 Rg8+ 47. Kf3 Rd1 48. Nxf7 Rf8 49. Rb7 Kg7 50. Ke2 Rd2+ 51. Ke3 Rxf7 52.
Rxf7+ Kxf7 53. Kf4 b3 54. f3 b2 55. Ke3 b1=Q 56. Kf4 e5+ 57. Kg3 Qg1+ 58. Kh3
Rh2# 0-1

[Event "FSV-ch 2011"]
[Site "Dortmund"]
[Date "2011.03.28"]
[Round "3.20"]
[White "Koch, Detlev"]
[Black "Rabe, Mark"]
[Result "1-0"]
[WhiteElo "1292"]
[BlackElo "963"]
[PlyCount "89"]
[EventDate "2011.??.??"]

1. d4 d5 2. Nf3 Nf6 3. e3 c6 4. Bd3 e6 5. c4 Bb4+ 6. Bd2 Bxd2+ 7. Nbxd2 Nbd7 8.
c5 b6 9. b4 b5 10. O-O a5 11. a4 axb4 12. axb5 Bb7 13. bxc6 Bxc6 14. Qb3 Rb8
15. Qb2 O-O 16. Ra6 Bb7 17. Ra7 Bc6 18. Rfa1 h6 19. R1a6 Qc8 20. Ra5 Qd8 21.
Bc2 b3 22. Bxb3 g5 23. h3 g4 24. hxg4 Nxg4 25. Qa2 h5 26. Ba4 Bxa4 27. Rxa4 h4
28. Nh2 Nh6 29. Ndf3 Kh8 30. c6 Nb6 31. R4a6 Ra8 32. Qa5 Rb8 33. Qc5 Nc8 34.
Rb7 Nd6 35. Rxb8 Qxb8 36. c7 Qb1+ 37. Nf1 Rg8 38. Qxd6 Qg6 39. Qh2 Qe4 40. Qxh4
Qg6 41. Qh2 Kg7 42. Ne5 Qf5 43. Rc6 Rh8 44. Qg3+ Kf6 45. c8=Q 1-0

[Event "FSV-ch 2011"]
[Site "Dortmund"]
[Date "2011.03.24"]
[Round "3.21"]
[White "Jentzsch, W. W."]
[Black "Schicktanz, Florian"]
[Result "0-1"]
[WhiteElo "1292"]
[BlackElo "1554"]
[PlyCount "46"]
[EventDate "2011.??.??"]

1. d4 d5 2. Nc3 Nf6 3. Bf4 a6 4. f3 e6 5. e4 c5 6. dxc5 Bxc5 7. exd5 exd5 8.
Qe2+ Be6 9. O-O-O O-O 10. g4 Re8 11. Qd3 d4 12. h4 Nc6 13. Ne4 Nxe4 14. fxe4
Nb4 15. Qg3 Nxa2+ 16. Kb1 Qa5 17. Bc7 b6 18. Bd6 Bxd6 19. Qxd6 Rad8 20. Qa3
Qxa3 21. bxa3 Nc3+ 22. Kc1 Nxd1 23. Kxd1 Bxg4+ 0-1

[Event "FSV-ch 2011"]
[Site "Dortmund"]
[Date "2011.03.24"]
[Round "3.22"]
[White "Wickenfeld, Udo"]
[Black "Jürgens, Ulrich"]
[Result "1/2-1/2"]
[WhiteElo "1249"]
[BlackElo "1168"]
[PlyCount "101"]
[EventDate "2011.??.??"]

1. e4 e5 2. Nf3 Nc6 3. g3 g6 4. Bg2 d6 5. O-O Nf6 6. d3 Bg7 7. c3 a6 8. Nbd2 b5
9. a3 O-O 10. Re1 Re8 11. Nf1 Be6 12. Ng5 Qd7 13. Nxe6 Qxe6 14. Be3 Ng4 15. Bd2
Nf6 16. d4 exd4 17. cxd4 Nxd4 18. e5 dxe5 19. Bxa8 Rxa8 20. Bc3 Nc6 21. Qf3 e4
22. Qg2 a5 23. Bxf6 Qxf6 24. Rxe4 Qxb2 25. Rae1 Bf8 26. Re8 Rxe8 27. Rxe8 Nd4
28. Qe4 Ne6 29. Ne3 Qxa3 30. Nd5 Qa1+ 31. Kg2 Kg7 32. Nf4 b4 33. Nxe6+ fxe6 34.
Qxe6 Qf6 35. Qc4 c5 36. Re6 Qf7 37. Qa6 a4 38. Rb6 Kg8 39. Qxa4 c4 40. Qa6 c3
41. Rf6 Qg7 42. Qe6+ Kh8 43. Rf7 Qg8 44. Qf6+ Bg7 45. Qe7 b3 46. Rxg7 Qxg7 47.
Qe8+ Qg8 48. Qe5+ Qg7 49. Qb8+ Qg8 50. Qe5+ Qg7 51. Qe8+ 1/2-1/2

[Event "FSV-ch 2011"]
[Site "Dortmund"]
[Date "2011.03.24"]
[Round "3.23"]
[White "Riepe, Markus"]
[Black "Pauli, Helmut"]
[Result "0-1"]
[WhiteElo "886"]
[BlackElo "1222"]
[PlyCount "58"]
[EventDate "2011.??.??"]

1. e4 e5 2. Nf3 d6 3. d3 h6 4. Be2 Nc6 5. Be3 Nf6 6. c4 Ng4 7. Qd2 Nxe3 8. Qxe3
Be7 9. Nc3 Be6 10. O-O a6 11. Rfd1 O-O 12. a3 Bg4 13. Nd5 Bxf3 14. Nxe7+ Qxe7
15. Qxf3 Nd4 16. Qg4 f5 17. exf5 Rxf5 18. Qe4 c6 19. Bg4 Rf4 20. Qg6 Qf7 21.
Bh5 Qxg6 22. Bxg6 Raf8 23. Rf1 Ne2+ 24. Kh1 Rxf2 25. Rxf2 Rxf2 26. Re1 Nd4 27.
Kg1 Rxb2 28. Rf1 Ne2+ 29. Kf2 Nf4+ 0-1

[Event "FSV-ch 2011"]
[Site "Dortmund"]
[Date "2011.03.24"]
[Round "3.24"]
[White "Griese, Andreas"]
[Black "Böckmann, Lilo"]
[Result "1-0"]
[WhiteElo "1196"]
[BlackElo "950"]
[PlyCount "51"]
[EventDate "2011.??.??"]

1. d4 Nf6 2. c4 c6 3. Nc3 d6 4. Bg5 d5 5. Nf3 Nbd7 6. e3 h6 7. Bh4 Ne4 8. Bd3
Nxc3 9. bxc3 g5 10. Bg3 Bg7 11. Qc2 e6 12. cxd5 cxd5 13. c4 O-O 14. O-O Nb6 15.
c5 Nd7 16. Rac1 Re8 17. c6 Qe7 18. cxd7 Bxd7 19. Qc7 f6 20. Qxb7 Reb8 21. Bxb8
Rxb8 22. Qxb8+ Bf8 23. Qxa7 e5 24. dxe5 g4 25. Nh4 fxe5 26. Rc7 1-0

[Event "FSV-ch 2011"]
[Site "Dortmund"]
[Date "2011.03.24"]
[Round "3.25"]
[White "Reker, Gerhard"]
[Black "Wangrin, Stefan A"]
[Result "0-1"]
[WhiteElo "727"]
[BlackElo "1184"]
[PlyCount "66"]
[EventDate "2011.??.??"]

1. e4 Nc6 2. Nf3 e5 3. d4 d6 4. Bb5 Nge7 5. O-O Bd7 6. Bg5 f6 7. Be3 exd4 8.
Nxd4 a6 9. Bxc6 Nxc6 10. Nxc6 Bxc6 11. Nc3 Qe7 12. Nd5 Bxd5 13. Qxd5 O-O-O 14.
f3 Qe5 15. Qxe5 dxe5 16. Rad1 Bd6 17. b3 Rd7 18. c4 c5 19. a4 a5 20. Rd2 Rf8
21. Rfd1 Rff7 22. Rxd6 Rxd6 23. Rxd6 Rc7 24. Rd5 b6 25. Rd6 Rb7 26. Rc6+ Kd7
27. Rxc5 bxc5 28. Bxc5 Rxb3 29. Bf8 g6 30. Bg7 Ke6 31. Bh6 Ra3 32. c5 Rxa4 33.
c6 Kd6 0-1

[Event "FSV-ch 2011"]
[Site "Dortmund"]
[Date "2011.03.31"]
[Round "4.1"]
[White "Grube, Jörg"]
[Black "Melmer, Felix"]
[Result "0-1"]
[WhiteElo "1876"]
[BlackElo "1935"]
[PlyCount "26"]
[EventDate "2011.??.??"]

1. d4 d5 2. c4 c6 3. Nf3 Nf6 4. Nc3 a6 5. c5 Bg4 6. Qb3 Ra7 7. Ne5 Nbd7 8. Nxg4
Nxg4 9. e4 e5 10. exd5 exd4 11. dxc6 Nxc5 12. Qc4 bxc6 13. Be2 Ne5 0-1

[Event "FSV-ch 2011"]
[Site "Dortmund"]
[Date "2011.04.04"]
[Round "4.2"]
[White "Naundorf, Maik"]
[Black "Bommert, Christian"]
[Result "1-0"]
[WhiteElo "2056"]
[BlackElo "1779"]
[PlyCount "37"]
[EventDate "2011.??.??"]

1. d4 f5 2. g3 Nf6 3. Bg2 g6 4. Nf3 Bg7 5. O-O O-O 6. b3 d6 7. Bb2 Qe8 8. c4
Ne4 9. Nbd2 Nxd2 10. Qxd2 e5 11. dxe5 dxe5 12. Bxe5 Nc6 13. Bxg7 Kxg7 14. Rad1
h6 15. Rfe1 Kh7 16. Nd4 Ne5 17. f4 Ng4 18. e4 Qf7 19. exf5 1-0

[Event "FSV-ch 2011"]
[Site "Dortmund"]
[Date "2011.04.04"]
[Round "4.3"]
[White "Rzoczek, Christoph"]
[Black "Zelt, Jens"]
[Result "0-1"]
[WhiteElo "1505"]
[BlackElo "2016"]
[PlyCount "88"]
[EventDate "2011.??.??"]

1. d4 d6 2. Nf3 Nd7 3. e3 g6 4. Bc4 Nb6 5. Bb3 Bg7 6. c3 Nf6 7. Nbd2 O-O 8. a4
a5 9. O-O Nfd7 10. e4 e5 11. Qc2 c6 12. Nc4 Nxc4 13. Bxc4 Nb6 14. Bb3 Bg4 15.
Bg5 Qd7 16. Rad1 exd4 17. Rd3 dxc3 18. Rxc3 Rae8 19. h3 Be6 20. Rd3 Nc8 21. e5
Bf5 22. Bf6 Bxd3 23. Qxd3 d5 24. Qc3 Bxf6 25. exf6 Re6 26. Ng5 Qd8 27. Nxe6
fxe6 28. f7+ Rxf7 29. Qe5 Qd6 30. Re1 Qxe5 31. Rxe5 Re7 32. Bd1 Nd6 33. b3 Kf7
34. f4 b6 35. h4 h5 36. g4 hxg4 37. Rg5 Kf6 38. Bxg4 Rh7 39. h5 gxh5 40. Bxh5
Rg7 41. Bg4 Nf5 42. Rxg7 Kxg7 43. Kf2 Kf6 44. Ke1 Nd4 0-1

[Event "FSV-ch 2011"]
[Site "Dortmund"]
[Date "2011.03.31"]
[Round "4.4"]
[White "Morawietz, Manuel"]
[Black "Schütz, Ralf"]
[Result "1-0"]
[WhiteElo "1926"]
[BlackElo "1818"]
[PlyCount "87"]
[EventDate "2011.??.??"]

1. e4 e6 2. d4 d5 3. Nc3 Nf6 4. Bg5 Bb4 5. e5 h6 6. Bd2 Bxc3 7. bxc3 Ne4 8. Qg4
Kf8 9. Nf3 c5 10. Bd3 Nxd2 11. Kxd2 b6 12. Qf4 Ba6 13. Bg6 Qe7 14. h4 Ke8 15.
Bd3 Bxd3 16. cxd3 Nc6 17. a4 Na5 18. Rhb1 c4 19. dxc4 dxc4 20. Ke2 Rd8 21. Qg3
Rg8 22. Nd2 Kf8 23. Ne4 Nb3 24. Ra2 Rd5 25. Nd6 g5 26. Nxc4 gxh4 27. Qe3 Na5
28. Nxa5 Rxa5 29. Qxh6+ Ke8 30. Rb5 Ra6 31. Kd3 Kd7 32. f3 Rg6 33. Qf4 Kc7 34.
c4 Qf8 35. Qxh4 Rh6 36. Qf4 Qg7 37. d5 Qh7+ 38. Ke3 Rh4 39. g4 Kc8 40. dxe6
fxe6 41. c5 Qh6 42. cxb6 axb6 43. Qxh6 Rxh6 44. a5 1-0

[Event "FSV-ch 2011"]
[Site "Dortmund"]
[Date "2011.03.31"]
[Round "4.5"]
[White "Dite, Alexander"]
[Black "Schulenburg, Pit"]
[Result "0-1"]
[WhiteElo "1607"]
[BlackElo "2165"]
[PlyCount "130"]
[EventDate "2011.??.??"]

1. d4 Nf6 2. c4 c5 3. d5 b5 4. f3 e6 5. e4 bxc4 6. Bxc4 Nxd5 7. Bxd5 exd5 8.
Qxd5 Nc6 9. Be3 Qh4+ 10. Bf2 Qf6 11. Nc3 Rb8 12. Qd2 Ne5 13. b3 d5 14. exd5 Bf5
15. Bg3 Bd6 16. Rd1 Rb4 17. Nge2 Nd3+ 18. Kf1 O-O 19. Bxd6 Qxd6 20. Nc1 c4 21.
Nxd3 Bxd3+ 22. Kf2 Qb6+ 23. Qe3 Qf6 24. Ne4 Bxe4 25. Qxe4 Qb6+ 26. Qd4 cxb3 27.
Qxb6 Rxb6 28. axb3 Rxb3 29. Ra1 Rb7 30. Ra6 Rd8 31. d6 Rdd7 32. Rc1 f6 33. h4
Kf7 34. Re1 Rb6 35. Rea1 Rxa6 36. Rxa6 Ke6 37. Ke3 Kd5 38. g4 g6 39. h5 Kc4 40.
Ra4+ Kb5 41. Rd4 Kc6 42. hxg6 hxg6 43. Ra4 Kb5 44. Rd4 a6 45. Ke4 Kc6 46. Ra4
Ra7 47. Rd4 a5 48. g5 fxg5 49. Ke5 Kd7 50. Kf6 Ra6 51. Kxg5 Rxd6 52. Ra4 Ra6
53. f4 Kc7 54. f5 gxf5 55. Kxf5 Kc6 56. Ke4 Kb5 57. Rd4 $4 (57. Ra1 $1 $11)
57... a4 58. Rd5+ Kc4 59. Rd4+ Kc3 60. Rd3+ Kc2 61. Rd8 a3 62. Rc8+ Kd2 63.
Rd8+ Ke2 64. Rc8 Ra4+ 65. Kf5 a2 0-1

[Event "FSV-ch 2011"]
[Site "Dortmund"]
[Date "2011.03.31"]
[Round "4.6"]
[White "Begna, Bozidar"]
[Black "Weischer, Wolfgang"]
[Result "1-0"]
[WhiteElo "1976"]
[BlackElo "1609"]
[PlyCount "55"]
[EventDate "2011.??.??"]

1. e4 c5 2. Nf3 e6 3. c3 Nf6 4. e5 Nd5 5. d4 cxd4 6. cxd4 Nc6 7. Bd3 d6 8. a3
dxe5 9. dxe5 g6 10. O-O Bg7 11. Qe2 b6 12. Bd2 O-O 13. Nc3 Nce7 14. Rac1 Nxc3
15. Rxc3 Nd5 16. Rc2 Bb7 17. Rfc1 Rc8 18. Rxc8 Bxc8 19. h4 h6 20. h5 g5 21. Nh2
f5 22. exf6 Nxf6 23. Bb4 Rf7 24. Bc4 Nd5 25. Ng4 Nf4 26. Qe3 Qd4 27. Qxd4 Bxd4
28. Nxh6+ 1-0

[Event "FSV-ch 2011"]
[Site "Dortmund"]
[Date "2011.04.05"]
[Round "4.7"]
[White "Sonntag, Joachim"]
[Black "Milonas, Georgios"]
[Result "1/2-1/2"]
[WhiteElo "1796"]
[BlackElo "1596"]
[PlyCount "66"]
[EventDate "2011.??.??"]

1. e4 d5 2. exd5 Qxd5 3. Nc3 Qa5 4. d4 Nf6 5. Nf3 c6 6. Bc4 Bf5 7. O-O e6 8.
Re1 Be7 9. Bf4 O-O 10. Qe2 Nbd7 11. Rad1 Nb6 12. Bb3 Nbd5 13. Nxd5 Nxd5 14. Bd2
Qc7 15. c4 Nf6 16. d5 Rfe8 17. dxe6 Bxe6 18. Bc3 Rad8 19. Be5 Qc8 20. Nd4 Bg4
21. f3 Bh5 22. Qf2 Bg6 23. Bc2 Bxc2 24. Nxc2 Rxd1 25. Rxd1 a6 26. Bd4 Rd8 27.
Re1 Re8 28. Re2 Bd8 29. b3 Rxe2 30. Qxe2 Qd7 31. Qe3 Ne8 32. h3 h6 33. Qe4 Bf6
1/2-1/2

[Event "FSV-ch 2011"]
[Site "Dortmund"]
[Date "2011.03.31"]
[Round "4.8"]
[White "Dieckmann, Rudolf"]
[Black "Jost, Udo"]
[Result "0-1"]
[WhiteElo "1575"]
[BlackElo "1764"]
[PlyCount "64"]
[EventDate "2011.??.??"]

1. d4 c5 2. Nf3 cxd4 3. Qxd4 Nc6 4. Qa4 b5 5. Qb3 a5 6. a4 bxa4 7. Qxa4 Rb8 8.
c3 e5 9. e4 Bc5 10. Be2 Nf6 11. h3 O-O 12. O-O Nh5 13. Be3 Bxe3 14. fxe3 Rxb2
15. Ra2 Rxe2 16. Rxe2 Ba6 17. c4 Ng3 18. Ree1 Nxf1 19. Kxf1 f5 20. Nbd2 fxe4
21. Nxe4 Qh4 22. Nf2 Bxc4+ 23. Kg1 Rxf3 24. gxf3 Qg3+ 25. Kh1 Qxf3+ 26. Kg1
Qg3+ 27. Kh1 Bd5+ 28. e4 Qxf2 29. Qd1 Be6 30. Rf1 Qe3 31. Qf3 Qxf3+ 32. Rxf3 a4
0-1

[Event "FSV-ch 2011"]
[Site "Dortmund"]
[Date "2011.03.31"]
[Round "4.9"]
[White "Hering, Franz"]
[Black "Tekin, Baran"]
[Result "0-1"]
[WhiteElo "1634"]
[BlackElo "1463"]
[PlyCount "88"]
[EventDate "2011.??.??"]

1. e4 d6 2. d4 g6 3. Be3 Bg7 4. Nc3 a6 5. Nf3 b5 6. a3 Nd7 7. b4 c5 8. Qd2 cxd4
9. Nxd4 Bb7 10. f3 Qc7 11. Bd3 Nb6 12. Rc1 Rc8 13. Ncxb5 axb5 14. Bxb5+ Nd7 15.
c4 e5 16. Nb3 Ne7 17. c5 d5 18. Na5 d4 19. Bh6 O-O 20. Bg5 Nc6 21. Nxb7 Qxb7
22. Qd3 Ndb8 23. O-O Na7 24. Bc4 h6 25. Bd2 Kh8 26. a4 Rfd8 27. Qb3 Kg8 28. Bd5
Qe7 29. Qc4 Bf8 30. f4 Nd7 31. Qb3 Nf6 32. Bxf7+ Qxf7 33. Qxf7+ Kxf7 34. fxe5
Rc6 35. b5 Rxc5 36. Rxf6+ Kg7 37. Rcf1 Nxb5 38. Bb4 Nc3 39. Bxc5 Bxc5 40. Rc6
Nxe4 41. Rc7+ Kg8 42. Rff7 d3+ 43. Kf1 d2 44. Rfd7 d1=Q+ 0-1

[Event "FSV-ch 2011"]
[Site "Dortmund"]
[Date "2011.03.31"]
[Round "4.10"]
[White "Schicktanz, Florian"]
[Black "Lauche, Christoph"]
[Result "1-0"]
[WhiteElo "1554"]
[BlackElo "1877"]
[PlyCount "71"]
[EventDate "2011.??.??"]

1. Nf3 f5 2. c4 Nf6 3. Nc3 g6 4. d4 Bg7 5. h3 O-O 6. Bf4 d6 7. e3 Qe8 8. Be2 c6
9. d5 Na6 10. a3 Nc5 11. O-O Nfe4 12. Nd4 Nxc3 13. bxc3 Ne4 14. Qc2 g5 15. Bh2
Bd7 16. f3 Nxc3 17. Qxc3 c5 18. Qd2 cxd4 19. exd4 f4 20. Rac1 Qh5 21. c5 Rac8
22. Bc4 Kh8 23. Bb3 Rf6 24. cxd6 exd6 25. Rxc8+ Bxc8 26. Rc1 Qe8 27. Re1 Qd8
28. Ba4 Bd7 29. Bc2 Rf8 30. Kh1 Re8 31. Bg1 Rxe1 32. Qxe1 Qc8 33. Qe4 Kg8 34.
Qxh7+ Kf8 35. Qg6 Qc7 36. Bf5 {und Schwarz ueberschritt die Zeit ...} 1-0